000 01278nam a22003857a 4500
003 CHAP
005 20220817043405.0
008 971013s1993 r 00010 d
010 _a74174
011 _a75146
035 _a84706
040 _cCHAP
082 _a641
_bF3Y 1986 v.14/1
110 _aFAO
245 _aManuales de control de calidad de los alimentos
_b: el laboratorio de control de los alimentos
250 _aEd. rev.
260 _aRoma :
_bFAO,
_c1993
300 _a80 p.
490 _aFAO. Alimentación y nutrición
_v; 14/1 rev.1
590 _aBATCH-UPD
_b10
_c20130110
_lUCH01
_h0232
590 _aBATCH-UPD
_b10
_c20130110
_lUCH01
_h1151
590 _aBATCH-UPD
_b10
_c20130409
_lUCH01
_h2255
590 _aBATCH-UPD
_b10
_c20130410
_lUCH01
_h1225
590 _aBATCH-UPD
_b10
_c20130914
_lUCH01
_h0151
590 _aBATCH-UPD
_b10
_c20130914
_lUCH01
_h1805
590 _aCONVERSION
_b10
_c20130109
_lUCH01
_h1341
650 1 4 _aAlimentos
_xAnálisis.
_94164
650 1 4 _aAlimentos
_xCalidad.
650 1 4 _aCalidad
_xControl de la.
_917484
700 0 _aMartín, P. G.
_971752
830 0 _aFAO. Alimentación y nutrición
_v; 14/1 rev.1
_939449
901 _aBK
942 _cLIBRO
949 _a641 F3Y 1986 v.14/1
_bBC
_cFAO
_d-40170
_eFAO1
_h86923
_i84706
_mD
_si
999 _c74174
_d74174